000 00825nam a2200229Ia 4500
003 GCL
008 140319s9999 xx 000 0 ara d
040 _aGCL /
_cGCL
082 0 4 _a913
_bع ح
100 1 _aعبدالغنى بن اسماعيل النابلسى
245 1 0 _aالحقيقة والمجاز فى الرحلة الى بلاد الشام ومصر والحجاز /
_cعبدالغنى بن اسماعيل النابلسى
700 1 _aاحمد عبدالمجيد هريدى
260 _a[S.N] :
_bالهيئة المصرية العامة للكتاب ،
_c1986
300 _a623 ص
490 _aفنون الادب العربى
_v0
650 0 4 _aمصر
650 0 4 _aالتاريخ الاسلامى
650 0 4 _aالرحلات
650 0 4 _aالشام
650 0 4 _aالحجاز
942 _2ddc
_cREF
999 _c59276
_d59276